000 00516nam a22001577a 4500
008 160504b xxu||||| |||| 00| 0 eng d
020 _a978-971-23-5313-0
082 _22009
_aDFil 425
_bB12
100 _97479
_aBaraceros, Esther L.
245 _aEnglish 1:
_bintroduction to College English/
_cEsther L. Baraceros.
260 _aManila:
_bREX,
_cc2009.
300 _ax, 199 pages;
_c22 cm.
500 _aIncludes bibliographical references and index.
650 0 _97480
_aEnglish language
_xGrammar.
942 _2ddc
_cDFIL
999 _c2282
_d2282